MARC

LEADER 00000nam0a2200000 4500
001 284986
005 20231101235741.0
020 |a RU  |b 85-25412 
035 |a (RuTPU)RU\TPU\book\309183 
090 |a 284986 
100 |a 20150219d1985 k y0rusy5003 ca 
101 0 |a rus 
102 |a RU 
105 |a a z 001zy 
200 1 |a Экономия материальных ресурсов при выплавке электростали  |e тематический сборник научных трудов  |f Научно-исследовательский институт металлургии 
210 |a Москва  |c Металлургия  |d 1985 
215 |a 63 с.  |c ил.  |d 22 см 
320 |a Библиография в конце статей 
606 1 |a Электросталеплавильное производство  |x Экономия материалов  |2 stltpush  |3 (RuTPU)RU\TPU\subj\20853  |9 45921 
610 1 |a энергетические ресурсы 
610 1 |a энергосбережение 
610 1 |a материальные ресурсы 
610 1 |a электроплавка 
610 1 |a энергетические затраты 
610 1 |a снижение 
610 1 |a дуговые сталеплавильные печи 
610 1 |a элементы 
610 1 |a охлаждение 
610 1 |a газоотсосные устройства 
610 1 |a хромистые стали 
610 1 |a выплавка 
610 1 |a ванадиевые шлаки 
610 1 |a использование 
610 1 |a легирующие металлы 
610 1 |a расход 
610 1 |a графитированные электроды 
610 1 |a прокат 
610 1 |a поверхности 
610 1 |a качество 
675 |a 669.187  |z rus  |v 4 
712 0 2 |a Научно-исследовательский институт металлургии  |2 stltpush  |3 (RuTPU)RU\TPU\col\21371  |9 27992 
801 0 |a RU  |b RuMRKP  |c 19950704  |g psbo 
801 1 |a RU  |b 63413507  |c 20150219 
801 2 |a RU  |b 63413507  |c 20170302  |g RCR 
942 |c BK